[Event "U12 Blitz"]
[Site "austriaU12b"]
[Date "2020.12.11"]
[Round "4"]
[White "BlackKnight158"]
[Black "Marty McFly"]
[Result "1-0"]
[WhiteElo "1605"]
[BlackElo "1647"]
[Annotator "NA RC"]
[PlyCount "115"]
[EventDate "2020.12.11"]
[EventType "blitz"]

1. Nf3 {[%emt 0:00:05]} d5 {[%emt 0:00:02]} 2. e3 {[%emt 0:00:01]} Nf6 {[%emt 0:00:02]} 3. c4 {[%emt 0:00:01]} Bf5 {[%emt 0:00:03]} 4. Nc3 {[%emt 0:00:02]} e6 {[%emt 0:00:03]} 5. d4 {[%emt 0:00:01]} Nbd7 {[%emt 0:00:03]} 6. b3 {[%emt 0:00:02]} Bb4 {[%emt 0:00:02]} 7. Bb2 {[%emt 0:00:02]} c6 {[%emt 0:00:03]} 8. Be2 {[%emt 0:00:02]} Ne4 {[%emt 0:00:04]} 9. Qc1 {[%emt 0:00:09]} Nxc3 {[%emt 0:00:03]} 10. Bxc3 {[%emt 0:00:02]} Bxc3+ {[%emt 0:00:01]} 11. Qxc3 {[%emt 0:00:01]} Nf6 {[%emt 0:00:02]} 12. O-O {[%emt 0:00:02]} Ne4 {[%emt 0:00:02]} 13. Qb2 {[%emt 0:00:09]} Qf6 {[%emt 0:00:04]} 14. Nd2 {[%emt 0:00:08]} Nxd2 {[%emt 0:00:04]} 15. Qxd2 {[%emt 0:00:03]} Qg6 {[%emt 0:00:02]} 16. cxd5 {[%emt 0:00:29]} cxd5 {[%emt 0:00:02]} 17. Rac1 {[%emt 0:00:07]} O-O {[%emt 0:00:02]} 18. Rc3 {[%emt 0:00:01]} Rfc8 {[%emt 0:00:02]} 19. Rfc1 {[%emt 0:00:02]} Rxc3 {[%emt 0:00:06]} 20. Rxc3 {[%emt 0:00:01]} Be4 {[%emt 0:00:04]} 21. g3 {[%emt 0:00:14]} Qh6 {[%emt 0:00:10]} 22. Bd3 {[%emt 0:00:09]} Bf3 {[%emt 0:00:04]} 23. Be2 {[%emt 0:00:02]} Be4 {[%emt 0:00:01]} 24. f3 {[%emt 0:00:10]} Bg6 {[%emt 0:00:07]} 25. Bd3 {[%emt 0:00:02]} Bxd3 {[%emt 0:00:08]} 26. Qxd3 {[%emt 0:00:04]} Qf6 {[%emt 0:00:02]} 27. Kf2 {[%emt 0:00:05]} g6 {[%emt 0:00:03]} 28. Qc2 {[%emt 0:00:05]} Qd8 {[%emt 0:00:03]} 29. Rc7 {[%emt 0:00:03]} Rb8 {[%emt 0:00:05]} 30. f4 {[%emt 0:00:15]} Kf8 {[%emt 0:00:06]} 31. Qc5+ {[%emt 0:00:12]} Kg7 {[%emt 0:00:06]} 32. Qe7 {[%emt 0:00:15]} Qxe7 {[%emt 0:00:04]} 33. Rxe7 {[%emt 0:00:02]} Kf8 {[%emt 0:00:02]} 34. Rc7 {[%emt 0:00:03]} h5 {[%emt 0:00:04]} 35. h4 {[%emt 0:00:02]} Ke8 {[%emt 0:00:05]} 36. Ke2 {[%emt 0:00:02]} a6 {[%emt 0:00:06]} 37. Kd3 {[%emt 0:00:05]} Kf8 {[%emt 0:00:32]} 38. e4 {[%emt 0:00:09]} dxe4+ {[%emt 0:00:25]} 39. Kxe4 {[%emt 0:00:01]} f6 {[%emt 0:00:02]} 40. Kd3 {[%emt 0:00:11]} Kg8 {[%emt 0:00:26]} 41. Kc4 {[%emt 0:00:03]} Kf8 {[%emt 0:00:01]} 42. d5 {[%emt 0:00:02]} exd5+ {[%emt 0:00:02]} 43. Kxd5 {[%emt 0:00:01]} Rd8+ {[%emt 0:00:02]} 44. Ke6 {[%emt 0:00:01]} Re8+ {[%emt 0:00:08]} 45. Kxf6 {[%emt 0:00:02]} Rd8 {[%emt 0:00:08]} 46. Kxg6 {[%emt 0:00:08]} Rd6+ {[%emt 0:00:01]} 47. Kxh5 {[%emt 0:00:01]} Rd3 {[%emt 0:00:02]} 48. Kg6 {[%emt 0:00:05]} Rxg3+ {[%emt 0:00:02]} 49. Kf6 {[%emt 0:00:01]} Ke8 {[%emt 0:00:02]} 50. Ke6 {[%emt 0:00:06]} Kd8 {[%emt 0:00:06]} 51. Rh7 {[%emt 0:00:03]} Rg6+ {[%emt 0:00:06]} 52. Kf7 {[%emt 0:00:05]} Rg4 {[%emt 0:00:02]} 53. f5 {[%emt 0:00:01]} Rf4 {[%emt 0:00:02]} 54. f6 {[%emt 0:00:01]} Rf1 {[%emt 0:00:11]} 55. Rh6 {[%emt 0:00:03]} b5 {[%emt 0:00:04]} 56. Rg6 {[%emt 0:00:03]} a5 {[%emt 0:00:03]} 57. Kf8 {[%emt 0:00:02]} a4 {[%emt 0:00:07]} 58. f7 {[%emt 0:00:01] TimeB} 1-0

[Event "U12 Blitz"]
[Site "austriaU12b"]
[Date "2020.12.11"]
[Round "4"]
[White "Pernerstorfer_Leo"]
[Black "JoniFei"]
[Result "1-0"]
[WhiteElo "1589"]
[BlackElo "1534"]
[Annotator "NA RC"]
[PlyCount "93"]
[EventDate "2020.12.11"]
[EventType "blitz"]

1. e4 {[%emt 0:00:03]} c5 {[%emt 0:00:02]} 2. Nf3 {[%emt 0:00:02]} Nc6 {[%emt 0:00:01]} 3. d4 {[%emt 0:00:01]} cxd4 {[%emt 0:00:01]} 4. Nxd4 {[%emt 0:00:01]} Nf6 {[%emt 0:00:01]} 5. Nc3 {[%emt 0:00:02]} e5 {[%emt 0:00:01]} 6. Ndb5 {[%emt 0:00:04]} d6 {[%emt 0:00:01]} 7. Bd3 {[%emt 0:00:31]} a6 {[%emt 0:00:09]} 8. Na3 {[%emt 0:00:02]} b5 {[%emt 0:00:03]} 9. Nab1 {[%emt 0:00:03]} g6 {[%emt 0:00:09]} 10. Be3 {[%emt 0:00:02]} Bg7 {[%emt 0:00:03]} 11. Nd2 {[%emt 0:00:01]} O-O {[%emt 0:00:11]} 12. h3 {[%emt 0:00:06]} Ne8 {[%emt 0:00:05]} 13. Nd5 {[%emt 0:00:13]} Nc7 {[%emt 0:00:05]} 14. Nb6 {[%emt 0:00:04]} Rb8 {[%emt 0:00:08]} 15. Nxc8 {[%emt 0:00:02]} Qxc8 {[%emt 0:00:02]} 16. c3 {[%emt 0:00:10]} Ne6 {[%emt 0:00:03]} 17. Qf3 {[%emt 0:00:16]} b4 {[%emt 0:00:25]} 18. c4 {[%emt 0:00:37]} Ncd4 {[%emt 0:00:03]} 19. Bxd4 {[%emt 0:00:03]} Nxd4 {[%emt 0:00:03]} 20. Qe3 {[%emt 0:00:01]} a5 {[%emt 0:00:20]} 21. Nb3 {[%emt 0:00:01]} Nxb3 {[%emt 0:00:04]} 22. axb3 {[%emt 0:00:00]} Qc7 {[%emt 0:00:05]} 23. O-O {[%emt 0:00:06]} Ra8 {[%emt 0:00:08]} 24. Bc2 {[%emt 0:00:09]} Rfd8 {[%emt 0:00:12]} 25. Rfd1 {[%emt 0:00:03]} Bf6 {[%emt 0:00:05]} 26. Rd5 {[%emt 0:00:04]} Be7 {[%emt 0:00:04]} 27. Bd3 {[%emt 0:00:36]} Bf8 {[%emt 0:00:21]} 28. Qc1 {[%emt 0:00:04]} Rdc8 {[%emt 0:00:03]} 29. Qc2 {[%emt 0:00:07]} Qb6 {[%emt 0:00:04]} 30. Rb5 {[%emt 0:00:11]} Qd8 {[%emt 0:00:11]} 31. Rd5 {[%emt 0:00:01]} Rc5 {[%emt 0:00:23]} 32. Rxc5 {[%emt 0:00:05]} dxc5 {[%emt 0:00:03]} 33. Be2 {[%emt 0:00:02]} Qd4 {[%emt 0:00:02]} 34. Rd1 {[%emt 0:00:02]} Rd8 {[%emt 0:00:13]} 35. Rxd4 {[%emt 0:00:02]} exd4 {[%emt 0:00:03]} 36. Bd3 {[%emt 0:00:01]} Bg7 {[%emt 0:00:02]} 37. Qe2 {[%emt 0:00:02]} Be5 {[%emt 0:00:04]} 38. Qg4 {[%emt 0:00:03]} Kg7 {[%emt 0:00:07]} 39. Qg5 {[%emt 0:00:01]} h6 {[%emt 0:00:02]} 40. Qxe5+ {[%emt 0:00:02]} Kg8 {[%emt 0:00:03]} 41. Qxc5 {[%emt 0:00:03]} Rf8 {[%emt 0:00:03]} 42. Qxa5 {[%emt 0:00:03]} Rb8 {[%emt 0:00:03]} 43. Qc5 {[%emt 0:00:03]} Rd8 {[%emt 0:00:02]} 44. Qxb4 {[%emt 0:00:01]} Rd7 {[%emt 0:00:02]} 45. Qc5 {[%emt 0:00:01]} Kg7 {[%emt 0:00:02]} 46. Qe5+ {[%emt 0:00:02]} Kg8 {[%emt 0:00:02]} 47. Qe8+ {[%emt 0:00:02] JoniFei resigns} 1-0

[Event "U12 Blitz"]
[Site "austriaU12b"]
[Date "2020.12.11"]
[Round "4"]
[White "Junglespeed"]
[Black "Julian64"]
[Result "0-1"]
[WhiteElo "1573"]
[BlackElo "1604"]
[Annotator "NA RC"]
[PlyCount "78"]
[EventDate "2020.12.11"]
[EventType "blitz"]

1. e4 {[%emt 0:01:15]} c5 {[%emt 0:00:02]} 2. Nf3 {[%emt 0:00:01]} Nc6 {[%emt 0:00:02]} 3. Nc3 {[%emt 0:00:01]} e6 {[%emt 0:00:41]} 4. d3 {[%emt 0:00:02]} d5 {[%emt 0:00:03]} 5. exd5 {[%emt 0:00:04]} exd5 {[%emt 0:00:01]} 6. Qe2+ {[%emt 0:00:01]} Be7 {[%emt 0:00:01]} 7. Bg5 {[%emt 0:00:05]} d4 {[%emt 0:00:02]} 8. Nd5 {[%emt 0:00:08]} Qxd5 {[%emt 0:00:03]} 9. Bxe7 {[%emt 0:00:05]} Ngxe7 {[%emt 0:00:01]} 10. g3 {[%emt 0:00:06]} O-O {[%emt 0:00:19]} 11. Bg2 {[%emt 0:00:01]} Qd6 {[%emt 0:00:01]} 12. O-O {[%emt 0:00:09]} Bg4 {[%emt 0:00:18]} 13. Rfe1 {[%emt 0:00:02]} Ng6 {[%emt 0:00:05]} 14. Qe4 {[%emt 0:00:04]} Bxf3 {[%emt 0:00:08]} 15. Bxf3 {[%emt 0:00:05]} Rfe8 {[%emt 0:00:05]} 16. Qf5 {[%emt 0:00:06]} Nge5 {[%emt 0:00:04]} 17. Re4 {[%emt 0:00:07]} Nxf3+ {[%emt 0:00:12]} 18. Qxf3 {[%emt 0:00:02]} Ne5 {[%emt 0:00:06]} 19. Qf4 {[%emt 0:00:05]} Re7 {[%emt 0:00:04]} 20. Rae1 {[%emt 0:00:02]} Rae8 {[%emt 0:00:01]} 21. Qg5 {[%emt 0:00:12]} Ng6 {[%emt 0:00:07]} 22. Rxe7 {[%emt 0:00:17]} Rxe7 {[%emt 0:00:02]} 23. Re4 {[%emt 0:00:22]} Rxe4 {[%emt 0:00:04]} 24. dxe4 {[%emt 0:00:00]} h6 {[%emt 0:00:06]} 25. Qg4 {[%emt 0:00:03]} Qe6 {[%emt 0:00:01]} 26. Qf3 {[%emt 0:00:04]} Qxa2 {[%emt 0:00:01]} 27. Qg4 {[%emt 0:00:03]} Qb1+ {[%emt 0:00:01]} 28. Kg2 {[%emt 0:00:02]} Qxc2 {[%emt 0:00:01] Junglespeed reconnected.} 29. Qc8+ {[%emt 0:00:20]} Kh7 {[%emt 0:00:03]} 30. Qxb7 {[%emt 0:00:00]} d3 {[%emt 0:00:01]} 31. Qd5 {[%emt 0:00:02]} d2 {[%emt 0:00:01]} 32. e5 {[%emt 0:00:01]} d1=Q {[%emt 0:00:01]} 33. Qxd1 {[%emt 0:00:00]} Qxd1 {[%emt 0:00:01]} 34. e6 {[%emt 0:00:00]} Qd5+ {[%emt 0:00:01]} 35. f3 {[%emt 0:00:02]} Qxe6 {[%emt 0:00:00]} 36. b3 {[%emt 0:00:02]} Qe2+ {[%emt 0:00:00]} 37. Kh3 {[%emt 0:00:01]} Qxf3 {[%emt 0:00:01]} 38. b4 {[%emt 0:00:03]} Nf4+ {[%emt 0:00:00]} 39. Kh4 {[%emt 0:00:02]} Qh5# {[%emt 0:00:00] Mate Mate} 0-1

[Event "U12 Blitz"]
[Site "austriaU12b"]
[Date "2020.12.11"]
[Round "4"]
[White "Feroe09"]
[Black "mario1325"]
[Result "1/2-1/2"]
[WhiteElo "1552"]
[BlackElo "1569"]
[Annotator "NA RC"]
[PlyCount "80"]
[EventDate "2020.12.11"]
[EventType "blitz"]

1. e4 {[%emt 0:00:08]} d5 {[%emt 0:00:01]} 2. Nf3 {[%emt 0:00:01]} dxe4 {[%emt 0:00:02]} 3. Ng5 {[%emt 0:00:01]} Nc6 {[%emt 0:00:08]} 4. Nxe4 {[%emt 0:00:03]} Bf5 {[%emt 0:00:02]} 5. Nbc3 {[%emt 0:00:03]} e6 {[%emt 0:00:03]} 6. Bb5 {[%emt 0:00:04]} Nf6 {[%emt 0:00:11]} 7. Qf3 {[%emt 0:00:06]} Bxe4 {[%emt 0:00:03]} 8. Nxe4 {[%emt 0:00:05]} Nxe4 {[%emt 0:00:03]} 9. Qxe4 {[%emt 0:00:04]} Qd5 {[%emt 0:00:01]} 10. Bxc6+ {[%emt 0:00:10]} Qxc6 {[%emt 0:00:03]} 11. Qxc6+ {[%emt 0:00:02]} bxc6 {[%emt 0:00:01]} 12. d3 {[%emt 0:00:01]} Bc5 {[%emt 0:00:06]} 13. Bf4 {[%emt 0:00:02]} Bd6 {[%emt 0:00:02]} 14. Be3 {[%emt 0:00:04]} O-O {[%emt 0:00:03]} 15. O-O-O {[%emt 0:00:04]} a6 {[%emt 0:00:09]} 16. h4 {[%emt 0:00:03]} Rab8 {[%emt 0:00:03]} 17. g4 {[%emt 0:00:07]} a5 {[%emt 0:00:08]} 18. Rh3 {[%emt 0:00:08]} a4 {[%emt 0:00:02]} 19. a3 {[%emt 0:00:02]} Rb5 {[%emt 0:00:04]} 20. Rdh1 {[%emt 0:00:03]} Rfb8 {[%emt 0:00:05]} 21. Bd4 {[%emt 0:00:05]} Be5 {[%emt 0:00:08]} 22. Bxe5 {[%emt 0:00:03]} Rxe5 {[%emt 0:00:01]} 23. h5 {[%emt 0:00:17]} Reb5 {[%emt 0:00:06]} 24. h6 {[%emt 0:00:01]} g6 {[%emt 0:00:06]} 25. b4 {[%emt 0:00:05]} axb3 {[%emt 0:00:02]} 26. cxb3 {[%emt 0:00:01]} Rxb3 {[%emt 0:00:01]} 27. d4 {[%emt 0:00:07]} Rb1+ {[%emt 0:00:06]} 28. Kc2 {[%emt 0:00:02]} R1b2+ {[%emt 0:00:11]} 29. Kd3 {[%emt 0:00:08]} R8b3+ {[%emt 0:00:04]} 30. Kc4 {[%emt 0:00:03]} Rxh3 {[%emt 0:00:14]} 31. Rxh3 {[%emt 0:00:00]} f5 {[%emt 0:00:23]} 32. f3 {[%emt 0:00:04]} fxg4 {[%emt 0:00:09]} 33. fxg4 {[%emt 0:00:00]} Rc2+ {[%emt 0:00:01]} 34. Kb3 {[%emt 0:00:04]} Rd2 {[%emt 0:00:06]} 35. Kc3 {[%emt 0:00:02]} Ra2 {[%emt 0:00:03]} 36. Kb4 {[%emt 0:00:01]} Rb2+ {[%emt 0:00:04]} 37. Kc3 {[%emt 0:00:04]} Ra2 {[%emt 0:00:02]} 38. Kc4 {[%emt 0:00:02]} Rc2+ {[%emt 0:00:03]} 39. Kb3 {[%emt 0:00:03]} Rd2 {[%emt 0:00:02]} 40. Kc3 {[%emt 0:00:02]} Ra2 {[%emt 0:00:01] Threefold Rep Threefold Rep} 1/2-1/2

[Event "U12 Blitz"]
[Site "austriaU12b"]
[Date "2020.12.11"]
[Round "5"]
[White "Julian17"]
[Black "Ppe1968"]
[Result "1-0"]
[WhiteElo "1808"]
[BlackElo "1911"]
[Annotator "NA RC"]
[PlyCount "75"]
[EventDate "2020.12.11"]
[EventType "blitz"]

1. e4 {[%emt 0:00:03]} e5 {[%emt 0:00:04]} 2. Nf3 {[%emt 0:00:01]} Nc6 {[%emt 0:00:00]} 3. Bc4 {[%emt 0:00:01]} Bc5 {[%emt 0:00:01]} 4. c3 {[%emt 0:00:01]} d6 {[%emt 0:00:01]} 5. d4 {[%emt 0:00:02]} exd4 {[%emt 0:00:00]} 6. cxd4 {[%emt 0:00:01]} Bb6 {[%emt 0:00:00]} 7. Nc3 {[%emt 0:00:09]} Nf6 {[%emt 0:00:01]} 8. h3 {[%emt 0:00:13]} O-O {[%emt 0:00:02]} 9. O-O {[%emt 0:00:02]} Nxe4 {[%emt 0:00:02]} 10. Bxf7+ {[%emt 0:00:18]} Rxf7 {[%emt 0:00:08]} 11. Nxe4 {[%emt 0:00:01]} d5 {[%emt 0:00:32]} 12. Ng3 {[%emt 0:00:12]} Qf6 {[%emt 0:00:25]} 13. Bg5 {[%emt 0:00:15]} Qg6 {[%emt 0:00:07]} 14. Be3 {[%emt 0:00:18]} Bd7 {[%emt 0:00:10]} 15. a3 {[%emt 0:00:12]} Raf8 {[%emt 0:00:03]} 16. Ne1 {[%emt 0:00:29]} Qf6 {[%emt 0:00:17]} 17. Nc2 {[%emt 0:00:07]} g6 {[%emt 0:00:07]} 18. b4 {[%emt 0:00:05]} a6 {[%emt 0:00:02]} 19. Qd2 {[%emt 0:00:05]} Qd6 {[%emt 0:00:23]} 20. Rae1 {[%emt 0:00:19]} Ne7 {[%emt 0:00:03]} 21. Bh6 {[%emt 0:00:07]} Re8 {[%emt 0:00:00]} 22. Re5 {[%emt 0:00:12]} Nf5 {[%emt 0:00:06]} 23. Nxf5 {[%emt 0:00:01]} Rxf5 {[%emt 0:00:04]} 24. Bf4 {[%emt 0:00:11]} Qf6 {[%emt 0:00:27]} 25. Bg3 {[%emt 0:00:03]} Qf7 {[%emt 0:00:09]} 26. Rfe1 {[%emt 0:00:02]} Rexe5 {[%emt 0:00:02]} 27. Bxe5 {[%emt 0:00:03]} Bb5 {[%emt 0:00:21]} 28. Ne3 {[%emt 0:00:03]} Rh5 {[%emt 0:00:09]} 29. Ng4 {[%emt 0:00:02]} Rf5 {[%emt 0:00:01]} 30. Nh6+ {[%emt 0:00:02]} Kf8 {[%emt 0:00:01]} 31. Nxf7 {[%emt 0:00:01]} Kxf7 {[%emt 0:00:00]} 32. Qh6 {[%emt 0:00:02]} Rh5 {[%emt 0:00:03]} 33. Qg7+ {[%emt 0:00:02]} Ke6 {[%emt 0:00:01]} 34. Bf4+ {[%emt 0:00:05]} Kf5 {[%emt 0:00:00]} 35. g4+ {[%emt 0:00:04]} Kxf4 {[%emt 0:00:01]} 36. gxh5 {[%emt 0:00:01]} Kg5 {[%emt 0:00:05]} 37. Re5+ {[%emt 0:00:03]} Kf4 {[%emt 0:00:00]} 38. Qf6# {[%emt 0:00:01] Mate} 1-0

[Event "U12 Blitz"]
[Site "austriaU12b"]
[Date "2020.12.11"]
[Round "5"]
[White "Schaf2009"]
[Black "SimonG08"]
[Result "1-0"]
[WhiteElo "1743"]
[BlackElo "1778"]
[Annotator "NA RC"]
[PlyCount "83"]
[EventDate "2020.12.11"]
[EventType "blitz"]

1. d4 {[%emt 0:00:09]} d5 {[%emt 0:00:05]} 2. Bf4 {[%emt 0:00:03]} Nf6 {[%emt 0:00:05]} 3. e3 {[%emt 0:00:02]} Bf5 {[%emt 0:00:02]} 4. c4 {[%emt 0:00:03]} c6 {[%emt 0:00:15]} 5. Nc3 {[%emt 0:00:05]} e6 {[%emt 0:00:03]} 6. Nf3 {[%emt 0:00:08]} Nbd7 {[%emt 0:00:04]} 7. Be2 {[%emt 0:00:21]} dxc4 {[%emt 0:00:04]} 8. Bxc4 {[%emt 0:00:03]} Be7 {[%emt 0:00:01]} 9. O-O {[%emt 0:00:05]} O-O {[%emt 0:00:02]} 10. Rc1 {[%emt 0:00:04]} Nd5 {[%emt 0:00:07]} 11. Nxd5 {[%emt 0:00:10]} cxd5 {[%emt 0:00:01]} 12. Bd3 {[%emt 0:00:02]} Bxd3 {[%emt 0:00:02]} 13. Qxd3 {[%emt 0:00:01]} Nb6 {[%emt 0:00:12]} 14. Bc7 {[%emt 0:00:32]} Qd7 {[%emt 0:00:06]} 15. Ne5 {[%emt 0:00:07]} Qa4 {[%emt 0:00:29]} 16. a3 {[%emt 0:00:09]} Rac8 {[%emt 0:00:19]} 17. Bxb6 {[%emt 0:00:07]} axb6 {[%emt 0:00:04]} 18. h3 {[%emt 0:00:12]} Bd6 {[%emt 0:00:10]} 19. Nf3 {[%emt 0:00:05]} Rc6 {[%emt 0:00:27]} 20. Rc3 {[%emt 0:00:05]} Rfc8 {[%emt 0:00:04]} 21. Rfc1 {[%emt 0:00:04]} Rxc3 {[%emt 0:00:16]} 22. Rxc3 {[%emt 0:00:03]} Rxc3 {[%emt 0:00:05]} 23. Qxc3 {[%emt 0:00:13]} Qd1+ {[%emt 0:00:26]} 24. Ne1 {[%emt 0:00:06]} h6 {[%emt 0:00:03]} 25. g3 {[%emt 0:00:05]} Qh5 {[%emt 0:00:10]} 26. Kg2 {[%emt 0:00:02]} Qf5 {[%emt 0:00:03]} 27. Nf3 {[%emt 0:00:04]} g6 {[%emt 0:00:03]} 28. Qc8+ {[%emt 0:00:06]} Kg7 {[%emt 0:00:02]} 29. Qxb7 {[%emt 0:00:03]} Qc2 {[%emt 0:00:04]} 30. Qxb6 {[%emt 0:00:03]} Be7 {[%emt 0:00:01]} 31. Ne5 {[%emt 0:00:02]} Qe4+ {[%emt 0:00:03]} 32. Nf3 {[%emt 0:00:04]} Qc2 {[%emt 0:00:01]} 33. b4 {[%emt 0:00:05]} Qb3 {[%emt 0:00:02]} 34. Qa7 {[%emt 0:00:04]} Bf6 {[%emt 0:00:04]} 35. Qa5 {[%emt 0:00:06]} g5 {[%emt 0:00:02]} 36. b5 {[%emt 0:00:04]} Be7 {[%emt 0:00:02]} 37. a4 {[%emt 0:00:10]} Bb4 {[%emt 0:00:04]} 38. Qc7 {[%emt 0:00:02]} Qxa4 {[%emt 0:00:03]} 39. b6 {[%emt 0:00:02]} Ba5 {[%emt 0:00:04]} 40. Ne5 {[%emt 0:00:02]} Qb5 {[%emt 0:00:01]} 41. Qxf7+ {[%emt 0:00:02]} Kh8 {[%emt 0:00:01]} 42. Ng6# {[%emt 0:00:01] Mate Mate} 1-0

[Event "U12 Blitz"]
[Site "austriaU12b"]
[Date "2020.12.11"]
[Round "5"]
[White "Engal"]
[Black "Peter Balint"]
[Result "0-1"]
[WhiteElo "1730"]
[BlackElo "1774"]
[Annotator "NA RC"]
[PlyCount "66"]
[EventDate "2020.12.11"]
[EventType "blitz"]

1. e4 {[%emt 0:00:03]} e5 {[%emt 0:00:06]} 2. Nf3 {[%emt 0:00:02]} Nc6 {[%emt 0:00:03]} 3. d4 {[%emt 0:00:02]} exd4 {[%emt 0:00:04]} 4. Bc4 {[%emt 0:00:03]} Nf6 {[%emt 0:00:01]} 5. e5 {[%emt 0:00:03]} d5 {[%emt 0:00:04]} 6. Bb5 {[%emt 0:00:01]} Nd7 {[%emt 0:00:02]} 7. O-O {[%emt 0:00:29]} Be7 {[%emt 0:00:03]} 8. Bxc6 {[%emt 0:00:03]} bxc6 {[%emt 0:00:02]} 9. Nxd4 {[%emt 0:00:01]} Bb7 {[%emt 0:00:01]} 10. f4 {[%emt 0:01:04]} O-O {[%emt 0:00:03]} 11. Nc3 {[%emt 0:00:09]} Nc5 {[%emt 0:00:44]} 12. Qg4 {[%emt 0:00:14]} Bc8 {[%emt 0:00:17]} 13. f5 {[%emt 0:00:09]} f6 {[%emt 0:00:02]} 14. Bh6 {[%emt 0:00:16]} g6 {[%emt 0:00:04]} 15. Bxf8 {[%emt 0:00:08]} Qxf8 {[%emt 0:00:02]} 16. Ne6 {[%emt 0:00:12]} Nxe6 {[%emt 0:00:07]} 17. fxe6 {[%emt 0:00:00]} f5 {[%emt 0:00:02]} 18. Qa4 {[%emt 0:00:13]} Bb7 {[%emt 0:00:35]} 19. Rf3 {[%emt 0:00:08]} c5 {[%emt 0:00:04]} 20. Rg3 {[%emt 0:00:14]} d4 {[%emt 0:00:03]} 21. Ne2 {[%emt 0:00:01]} Bd5 {[%emt 0:00:10]} 22. Nxd4 {[%emt 0:00:02]} cxd4 {[%emt 0:00:05]} 23. Kh1 {[%emt 0:00:04]} Bxe6 {[%emt 0:00:02]} 24. Rd1 {[%emt 0:00:04]} c5 {[%emt 0:00:01]} 25. Rh3 {[%emt 0:00:05]} f4 {[%emt 0:00:02]} 26. Rf3 {[%emt 0:00:00]} Bg4 {[%emt 0:00:01]} 27. Rdf1 {[%emt 0:00:01]} Bxf3 {[%emt 0:00:01]} 28. Rxf3 {[%emt 0:00:00]} Kg7 {[%emt 0:00:03]} 29. Qc6 {[%emt 0:00:02]} Rc8 {[%emt 0:00:02]} 30. Qe6 {[%emt 0:00:03]} c4 {[%emt 0:00:06]} 31. g3 {[%emt 0:00:02]} d3 {[%emt 0:00:02]} 32. cxd3 {[%emt 0:00:06]} cxd3 {[%emt 0:00:00]} 33. Rxf4 {[%emt 0:00:01]} Qe8 {[%emt 0:00:04] TimeW} 0-1

[Event "U12 Blitz"]
[Site "austriaU12b"]
[Date "2020.12.11"]
[Round "5"]
[White "AdrianFischer"]
[Black "Robert_III"]
[Result "1-0"]
[WhiteElo "1660"]
[BlackElo "1629"]
[Annotator "NA RC"]
[PlyCount "61"]
[EventDate "2020.12.11"]
[EventType "blitz"]

1. e4 {[%emt 0:00:06]} c5 {[%emt 0:00:15]} 2. Nf3 {[%emt 0:00:02]} e6 {[%emt 0:00:02]} 3. d4 {[%emt 0:00:01]} cxd4 {[%emt 0:00:02]} 4. Nxd4 {[%emt 0:00:01]} Nf6 {[%emt 0:00:01]} 5. Nc3 {[%emt 0:00:01]} Nc6 {[%emt 0:00:02]} 6. Be3 {[%emt 0:00:01]} Qc7 {[%emt 0:00:03]} 7. f3 {[%emt 0:00:01]} Bb4 {[%emt 0:00:07]} 8. Qd2 {[%emt 0:00:02]} d5 {[%emt 0:00:03]} 9. exd5 {[%emt 0:00:03]} Nxd5 {[%emt 0:00:02]} 10. a3 {[%emt 0:00:02]} Bxc3 {[%emt 0:00:18]} 11. bxc3 {[%emt 0:00:02]} Na5 {[%emt 0:00:06]} 12. Bb5+ {[%emt 0:00:03]} Bd7 {[%emt 0:00:04]} 13. Bxd7+ {[%emt 0:00:09]} Kxd7 {[%emt 0:00:06]} 14. Nb5 {[%emt 0:00:02]} Qc6 {[%emt 0:00:11]} 15. Nd4 {[%emt 0:00:19]} Qxc3 {[%emt 0:00:11]} 16. Qxc3 {[%emt 0:00:02]} Nxc3 {[%emt 0:00:02]} 17. Bd2 {[%emt 0:00:05]} Rac8 {[%emt 0:00:33]} 18. O-O {[%emt 0:00:03]} b6 {[%emt 0:00:12]} 19. Bxc3 {[%emt 0:00:06]} Rxc3 {[%emt 0:00:03]} 20. Rfd1 {[%emt 0:00:02]} Ke7 {[%emt 0:00:07]} 21. Ra2 {[%emt 0:00:08]} Rd8 {[%emt 0:00:03]} 22. Raa1 {[%emt 0:00:18]} Rc4 {[%emt 0:00:04]} 23. Nb5 {[%emt 0:00:18]} Rxc2 {[%emt 0:00:11]} 24. Rxd8 {[%emt 0:00:04]} Kxd8 {[%emt 0:00:02]} 25. Nxa7 {[%emt 0:00:01]} Rb2 {[%emt 0:00:08]} 26. a4 {[%emt 0:00:02]} Nb3 {[%emt 0:00:13]} 27. Rd1+ {[%emt 0:00:04]} Ke7 {[%emt 0:00:04]} 28. Nc8+ {[%emt 0:00:07]} Kf6 {[%emt 0:00:02]} 29. Nxb6 {[%emt 0:00:02]} Nc5 {[%emt 0:00:06]} 30. Nd7+ {[%emt 0:00:05]} Ke7 {[%emt 0:00:02]} 31. Nxc5 {[%emt 0:00:03] TimeB} 1-0

[Event "U12 Blitz"]
[Site "austriaU12b"]
[Date "2020.12.11"]
[Round "5"]
[White "Roehrer Moritz"]
[Black "Viktor09"]
[Result "0-1"]
[WhiteElo "1654"]
[BlackElo "1688"]
[Annotator "NA RC"]
[PlyCount "46"]
[EventDate "2020.12.11"]
[EventType "blitz"]

1. e4 {[%emt 0:00:09]} c5 {[%emt 0:00:02]} 2. Nf3 {[%emt 0:00:02]} Nc6 {[%emt 0:00:01]} 3. d4 {[%emt 0:00:01]} cxd4 {[%emt 0:00:01]} 4. Nxd4 {[%emt 0:00:00]} e6 {[%emt 0:00:01]} 5. Nc3 {[%emt 0:00:07]} Qc7 {[%emt 0:00:02]} 6. Nxc6 {[%emt 0:00:02]} bxc6 {[%emt 0:00:03]} 7. Be2 {[%emt 0:00:05]} Nf6 {[%emt 0:00:02]} 8. O-O {[%emt 0:00:02]} Be7 {[%emt 0:00:03]} 9. Bg5 {[%emt 0:00:02]} h6 {[%emt 0:00:07]} 10. Bh4 {[%emt 0:00:04]} O-O {[%emt 0:00:20]} 11. Bg3 {[%emt 0:00:02]} e5 {[%emt 0:00:07]} 12. Bc4 {[%emt 0:00:12]} Bb7 {[%emt 0:00:06]} 13. Qe2 {[%emt 0:00:02]} d5 {[%emt 0:00:15]} 14. exd5 {[%emt 0:00:03]} cxd5 {[%emt 0:00:06]} 15. Bxe5 {[%emt 0:00:02]} Qxc4 {[%emt 0:00:04]} 16. Qxc4 {[%emt 0:00:02]} dxc4 {[%emt 0:00:02]} 17. Rad1 {[%emt 0:00:05]} Rad8 {[%emt 0:00:09]} 18. Nb5 {[%emt 0:00:17]} a6 {[%emt 0:00:04]} 19. Nc7 {[%emt 0:00:02]} Rxd1 {[%emt 0:00:09]} 20. Rxd1 {[%emt 0:00:02]} Rd8 {[%emt 0:00:01]} 21. Rxd8+ {[%emt 0:00:16]} Bxd8 {[%emt 0:00:04]} 22. Bxf6 {[%emt 0:00:02]} Bxf6 {[%emt 0:00:03]} 23. Ne8 {[%emt 0:00:02]} Be5 {[%emt 0:00:04] Roehrer Moritz resigns} 0-1

[Event "U12 Blitz"]
[Site "austriaU12b"]
[Date "2020.12.11"]
[Round "5"]
[White "Julian64"]
[Black "Wimmer Michael"]
[Result "1-0"]
[WhiteElo "1619"]
[BlackElo "1701"]
[Annotator "NA RC"]
[PlyCount "51"]
[EventDate "2020.12.11"]
[EventType "blitz"]

1. d4 {[%emt 0:00:11]} d5 {[%emt 0:00:02]} 2. c4 {[%emt 0:00:01]} e6 {[%emt 0:00:01]} 3. Nc3 {[%emt 0:00:01]} Nf6 {[%emt 0:00:02]} 4. cxd5 {[%emt 0:00:01]} exd5 {[%emt 0:00:02]} 5. Bg5 {[%emt 0:00:01]} Be7 {[%emt 0:00:02]} 6. e3 {[%emt 0:00:01]} c6 {[%emt 0:00:03]} 7. Bd3 {[%emt 0:00:01]} h6 {[%emt 0:00:02]} 8. Bh4 {[%emt 0:00:02]} Be6 {[%emt 0:00:03]} 9. Qc2 {[%emt 0:00:07]} Nbd7 {[%emt 0:00:03]} 10. Nge2 {[%emt 0:00:03]} O-O {[%emt 0:00:04]} 11. O-O {[%emt 0:00:01]} Re8 {[%emt 0:00:08]} 12. f3 {[%emt 0:00:01]} Rc8 {[%emt 0:00:11]} 13. e4 {[%emt 0:00:22]} dxe4 {[%emt 0:00:06]} 14. fxe4 {[%emt 0:00:01]} Nb6 {[%emt 0:00:21]} 15. e5 {[%emt 0:00:22]} Nfd5 {[%emt 0:00:04]} 16. Bxe7 {[%emt 0:00:13]} Qxe7 {[%emt 0:00:02]} 17. Ne4 {[%emt 0:00:01]} Ne3 {[%emt 0:00:08]} 18. Qd2 {[%emt 0:00:10]} Nxf1 {[%emt 0:00:02]} 19. Rxf1 {[%emt 0:00:02]} Rcd8 {[%emt 0:00:22]} 20. Rf3 {[%emt 0:00:56]} Bd5 {[%emt 0:00:13]} 21. Nf6+ {[%emt 0:00:08]} Kh8 {[%emt 0:00:19]} 22. Rh3 {[%emt 0:00:07]} Qxf6 {[%emt 0:01:04]} 23. exf6 {[%emt 0:00:03]} Re6 {[%emt 0:00:09]} 24. Rxh6+ {[%emt 0:00:15]} Kg8 {[%emt 0:00:02]} 25. Bh7+ {[%emt 0:00:09]} Kf8 {[%emt 0:00:05]} 26. fxg7+ {[%emt 0:00:03] Wimmer Michael resigns} 1-0